[Event "Titled Tuesday intern op 23rd Jan Late"]
[Site "Chess.com INT"]
[Date "2024.01.23"]
[Round "1"]
[White "Koutlas, Nikolaos"]
[Black "Dominguez Perez, Leinier"]
[Result "0-1"]
[WhiteElo "2332"]
[BlackElo "2752"]
[PlyCount "64"]
[EventDate "2024.01.23"]
[EventType "swiss (blitz)"]
[EventRounds "11"]
[EventCountry "USA"]
[SourceTitle "CB05_2024"]
[SourceDate "2024.01.31"]
[SourceVersion "1"]
[SourceVersionDate "2024.01.31"]
[SourceQuality "1"]

1. Nf3 Nf6 2. c4 e6 3. Nc3 d5 4. e3 b6 5. b3 Bb7 6. cxd5 exd5 7. Bb2 Nbd7 8. d4 Bd6 9. Bd3 a6 10. 0-0 Qe7 11. Ne2 0-0-0 12. Ng3 g6 13. Qe2 a5 14. a3 h5 15. Rfc1 h4 16. Nf1 Ne4 17. b4 a4 18. N1d2 g5 19. Bxe4 dxe4 20. Ne5 Nxe5 21. dxe5 Bxe5 22. Nc4 Bxb2 23. Nxb2 h3 24. g3 Kb8 25. Nxa4 Qf6 26. Nc3 Rd3 27. Nb5 Rhd8 28. Nd4 Rd6 29. Rd1 c5 30. bxc5 bxc5 31. Nb5 Rd2 32. Nxd6 Rxe2 0-1

[Event "Titled Tuesday intern op 16th Jan Late"]
[Site "Chess.com INT"]
[Date "2024.01.16"]
[Round "1"]
[White "Koutlas, Nikolaos"]
[Black "Drygalov, Sergey"]
[Result "1-0"]
[WhiteElo "2332"]
[BlackElo "2547"]
[PlyCount "185"]
[EventDate "2024.01.16"]
[EventType "swiss (blitz)"]
[EventRounds "11"]
[EventCountry "USA"]
[SourceTitle "CB04_2024"]
[SourceDate "2023.10.16"]
[SourceVersion "1"]
[SourceVersionDate "2023.10.16"]
[SourceQuality "1"]

1. Nf3 d5 2. b3 c5 3. Bb2 f6 4. e3 e5 5. d4 cxd4 6. exd4 e4 7. Nfd2 f5 8. c4 Nf6 9. Nc3 Be6 10. Be2 Nc6 11. Nf1 dxc4 12. d5 Nxd5 13. Bxc4 Bb4 14. Bxd5 Qxd5 15. Qxd5 Bxd5 16. 0-0-0 Be6 17. Kb1 Kf7 18. Ne3 Rhd8 19. Ncd5 Bf8 20. f3 exf3 21. gxf3 Bxd5 22. Nxd5 Rd7 23. Ne3 Rad8 24. Rxd7+ Rxd7 25. Nxf5 Rd2 26. Ng3 Be7 27. Ne4 Rg2 28. h4 h5 29. Rd1 Rh2 30. Ng5+ Kg6 31. Ne6 Rxh4 32. Nxg7 Rh2 33. Rg1+ Kf7 34. Nf5 Bf8 35. a3 h4 36. Rg4 h3 37. Rh4 Kg6 38. Rh8 Kxf5 39. Rxf8+ Ke6 40. Rh8 Ne7 41. Rh6+ Kd5 42. Rh5+ Kc6 43. Be5 Rh1+ 44. Kc2 Nd5 45. Kd3 a6 46. Ke4 Re1+ 47. Kf5 Ne3+ 48. Ke6 Nc2 49. Rxh3 Nd4+ 50. Kf6 Nxb3 51. f4 Nc5 52. Rc3 Kd5 53. Rc2 Nd7+ 54. Kf5 Nb6 55. Rd2+ Kc6 56. Ke6 Nc4 57. Rc2 b5 58. a4 Kc5 59. axb5 axb5 60. Rh2 b4 61. Rh8 b3 62. Rc8+ Kb5 63. Rb8+ Nb6 64. Kd6 Rxe5 65. fxe5 b2 66. Kc7 Kc5 67. Rxb6 Kd5 68. Rxb2 Kxe5 69. Rb6 Kd5 70. Rh6 Kc5 71. Rh5+ Kd4 72. Kd6 Ke4 73. Re5+ Kd4 74. Re1 Kc4 75. Re4+ Kd3 76. Kd5 Kd2 77. Rf4 Kd3 78. Rh4 Ke3 79. Ra4 Kf3 80. Ke5 Ke3 81. Ra3+ Kd2 82. Kd4 Kc2 83. Rh3 Kb2 84. Kc4 Kc2 85. Rh2+ Kd1 86. Kc3 Ke1 87. Kd3 Kf1 88. Ke3 Kg1 89. Rb2 Kf1 90. Ra2 Kg1 91. Kf3 Kh1 92. Kg3 Kg1 93. Ra1# 1-0

[Event "Titled Tuesday intern op 09th Jan Early"]
[Site "Chess.com INT"]
[Date "2024.01.09"]
[Round "1"]
[White "Aronian, Levon"]
[Black "Koutlas, Nikolaos"]
[Result "1-0"]
[WhiteElo "2725"]
[BlackElo "2332"]
[PlyCount "81"]
[EventDate "2024.01.09"]
[EventType "swiss (blitz)"]
[EventRounds "11"]
[EventCountry "USA"]
[SourceTitle "CB03_2024"]
[SourceDate "2024.01.17"]
[SourceVersion "1"]
[SourceVersionDate "2024.01.17"]
[SourceQuality "1"]

1. e4 c5 2. Nf3 d6 3. c3 Nf6 4. Be2 g6 5. 0-0 Bg7 6. d3 0-0 7. Be3 Nc6 8. Nbd2 e5 9. a3 Ng4 10. Bg5 f6 11. Bh4 g5 12. Bg3 h5 13. h4 Nh6 14. b4 g4 15. Ne1 f5 16. exf5 Nxf5 17. bxc5 d5 18. c4 Be6 19. Nc2 Nxh4 20. Ne3 d4 21. Nd5 Nf5 22. Ne4 Bxd5 23. cxd5 Qxd5 24. Qb1 Rf7 25. Bd1 Na5 26. Qb4 b6 27. cxb6 axb6 28. Qxb6 Kh8 29. Qg6 h4 30. Ng5 Kg8 31. Bxg4 hxg3 32. Bf3 Qxf3 33. gxf3 Rf6 34. Qh7+ Kf8 35. fxg3 Nxg3 36. Qh3 Nf5 37. Nh7+ Kf7 38. Nxf6 Kxf6 39. f4 e4 40. dxe4 Ne3 41. e5+ 1-0

[Event "Titled Tuesday intern op 19th Dec Early"]
[Site "Chess.com INT"]
[Date "2023.12.19"]
[Round "3"]
[White "Koutlas, Nikolaos"]
[Black "San, Thit Lwin"]
[Result "1-0"]
[WhiteElo "2332"]
[BlackElo "2242"]
[PlyCount "101"]
[EventDate "2023.12.19"]
[EventType "swiss (blitz)"]
[EventRounds "11"]
[EventCountry "USA"]
[SourceTitle "CB52_2023"]
[SourceDate "2023.12.27"]
[SourceVersion "1"]
[SourceVersionDate "2023.12.27"]
[SourceQuality "1"]

1. Nf3 Nf6 2. g3 d5 3. Bg2 Bf5 4. d3 e6 5. 0-0 Be7 6. Nbd2 0-0 7. b3 Nbd7 8. Bb2 c5 9. Qe1 h6 10. e4 dxe4 11. dxe4 Bh7 12. Rd1 Qc7 13. e5 Nd5 14. Ne4 Nb4 15. Qe2 Rfd8 16. a3 Nc6 17. Nd6 Ndxe5 18. Nxb7 Nxf3+ 19. Qxf3 Rxd1 20. Rxd1 Nd4 21. Bxd4 cxd4 22. Rxd4 Qxc2 23. b4 Rc8 24. Nd6 Qb1+ 25. Bf1 Bxd6 26. Rxd6 Bg6 27. Rd1 Rc1 28. Rxc1 Qxc1 29. h4 Kh7 30. h5 Bf5 31. g4 Bc2 32. Kg2 Qg5 33. Bd3+ Bxd3 34. Qxd3+ f5 35. f3 g6 36. Qd7+ Kh8 37. Qe8+ Kg7 38. Qxg6+ Qxg6 39. hxg6 fxg4 40. a4 Kxg6 41. b5 gxf3+ 42. Kxf3 Kf7 43. a5 Ke7 44. b6 axb6 45. a6 b5 46. a7 b4 47. a8Q b3 48. Qb7+ Kf6 49. Qxb3 e5 50. Qe3 e4+ 51. Qxe4 1-0

[Event "GRE-chT 50th"]
[Site "Nikaia"]
[Date "2023.08.30"]
[Round "7.3"]
[White "Koutlas, Nikolaos"]
[Black "Kouskoutis, Georgios Alexandros"]
[Result "1/2-1/2"]
[WhiteElo "2332"]
[BlackElo "2282"]
[PlyCount "66"]
[EventDate "2023.08.25"]
[EventType "team"]
[EventRounds "9"]
[EventCountry "GRE"]
[SourceTitle "EXT 2024"]
[Source "ChessBase"]
[SourceDate "2023.10.10"]
[SourceVersion "1"]
[SourceVersionDate "2023.10.10"]
[SourceQuality "1"]
[WhiteTeam "Kavalas"]
[BlackTeam "Amo Galaxias"]
[WhiteTeamCountry "GRE"]
[BlackTeamCountry "GRE"]

1. d4 Nf6 2. c4 e6 3. Nc3 d5 4. Bg5 Be7 5. cxd5 exd5 6. e3 c6 7. Bd3 Bg4 8. Nge2 Nbd7 9. f3 Bh5 10. Nf4 Bg6 11. Nxg6 hxg6 12. Qd2 Nf8 13. 0-0-0 Ne6 14. h4 Qa5 15. Kb1 0-0-0 16. a3 Kb8 17. Qc1 Qc7 18. Ne2 Nxg5 19. hxg5 Nd7 20. f4 Nb6 21. Rxh8 Rxh8 22. Rh1 Qc8 23. Rxh8 Qxh8 24. Ng1 Qh1 25. Nf3 Qxc1+ 26. Kxc1 Nd7 27. g3 Kc7 28. Kd2 a5 29. a4 Kd8 30. b3 Bb4+ 31. Kc2 Nb6 32. Ne5 Ke7 33. g4 Nd7 1/2-1/2

[Event "Titled Tuesday intern op 22nd Aug Early"]
[Site "Chess.com INT"]
[Date "2023.08.22"]
[Round "8"]
[White "Gorovets, Andrey"]
[Black "Koutlas, Nikolaos"]
[Result "1-0"]
[WhiteElo "2463"]
[BlackElo "2332"]
[PlyCount "41"]
[EventDate "2023.08.22"]
[EventType "swiss (blitz)"]
[EventRounds "11"]
[EventCountry "USA"]
[SourceTitle "EXT 2024"]
[Source "ChessBase"]
[SourceDate "2023.10.10"]
[SourceVersion "1"]
[SourceVersionDate "2023.10.10"]
[SourceQuality "1"]

1. d4 d5 2. c4 e6 3. Nf3 Nf6 4. Nc3 c6 5. g3 dxc4 6. Bg2 b5 7. Ne5 Nd5 8. 0-0 Bb7 9. a4 a6 10. e4 Nxc3 11. bxc3 Be7 12. f4 0-0 13. f5 Nd7 14. Ng4 exf5 15. Rxf5 c5 16. d5 Nb6 17. Nh6+ gxh6 18. Bxh6 Kh8 19. Qh5 Bf6 20. Bxf8 Qxf8 21. Rxf6 1-0

[Event "Titled Tuesday intern op 22nd Aug Early"]
[Site "Chess.com INT"]
[Date "2023.08.22"]
[Round "3"]
[White "Koutlas, Nikolaos"]
[Black "Wagner, Dennis"]
[Result "1-0"]
[WhiteElo "2332"]
[BlackElo "2589"]
[PlyCount "119"]
[EventDate "2023.08.22"]
[EventType "swiss (blitz)"]
[EventRounds "11"]
[EventCountry "USA"]
[SourceTitle "EXT 2024"]
[Source "ChessBase"]
[SourceDate "2023.10.10"]
[SourceVersion "1"]
[SourceVersionDate "2023.10.10"]
[SourceQuality "1"]

1. e4 e5 2. Nf3 Nc6 3. Bc4 Nf6 4. d3 Bc5 5. 0-0 h6 6. c3 d6 7. a4 a6 8. b4 Ba7 9. Be3 0-0 10. Nbd2 Ne7 11. Bxa7 Rxa7 12. Re1 Ng6 13. d4 Re8 14. Qb3 Qe7 15. dxe5 dxe5 16. Nf1 c6 17. a5 Nh5 18. Ng3 Nxg3 19. hxg3 Ra8 20. Rad1 Bg4 21. Rd3 Be6 22. Bxe6 Qxe6 23. Qxe6 Rxe6 24. Rd7 Rb8 25. Red1 Kf8 26. Kf1 Re7 27. Ke2 Rxd7 28. Rxd7 f6 29. Kd3 Ne7 30. Kc4 Ke8 31. Rd2 Rd8 32. Kc5 Rxd2 33. Nxd2 Nc8 34. Nc4 Ke7 35. g4 g6 36. g3 Ke6 37. Nb6 Nd6 38. f3 f5 39. gxf5+ gxf5 40. Nc4 Nxc4 41. Kxc4 fxe4 42. fxe4 Kd6 43. g4 Kd7 44. Kc5 Kc7 45. c4 Kd7 46. Kb6 Kc8 47. b5 cxb5 48. cxb5 axb5 49. Kxb5 Kb8 50. Kc5 Ka7 51. Kd5 Ka6 52. Kxe5 Kxa5 53. Kd6 b5 54. e5 b4 55. e6 b3 56. e7 b2 57. e8Q b1Q 58. Qa8+ Kb6 59. Qb8+ Ka6 60. Qxb1 1-0

[Event "Titled Tuesday intern op 22nd Aug Early"]
[Site "Chess.com INT"]
[Date "2023.08.22"]
[Round "4"]
[White "Palchuk, Andrii"]
[Black "Koutlas, Nikolaos"]
[Result "1-0"]
[WhiteElo "2335"]
[BlackElo "2332"]
[PlyCount "55"]
[EventDate "2023.08.22"]
[EventType "swiss (blitz)"]
[EventRounds "11"]
[EventCountry "USA"]
[SourceTitle "EXT 2024"]
[Source "ChessBase"]
[SourceDate "2023.10.10"]
[SourceVersion "1"]
[SourceVersionDate "2023.10.10"]
[SourceQuality "1"]

1. d4 d5 2. Nc3 Bf5 3. f3 c5 4. dxc5 d4 5. e4 Bg6 6. Nb5 e5 7. c3 Bxc5 8. cxd4 exd4 9. Bf4 Qa5+ 10. Bd2 Qb6 11. Rc1 Nc6 12. Rxc5 Qxc5 13. Nc7+ Kd7 14. Nxa8 Nf6 15. b4 Qh5 16. b5 Ne5 17. Bf4 d3 18. Bxd3 Rxa8 19. Be2+ Ke8 20. g4 Qh4+ 21. Bg3 Nxf3+ 22. Bxf3 Qg5 23. Ne2 Rd8 24. Qc1 Qxb5 25. 0-0 Nxe4 26. Bxe4 Bxe4 27. Nc3 Qb6+ 28. Bf2 1-0

[Event "Titled Tuesday intern op 15th Aug Early"]
[Site "Chess.com INT"]
[Date "2023.08.15"]
[Round "2"]
[White "Hrescak, Ivana"]
[Black "Koutlas, Nikolaos"]
[Result "0-1"]
[WhiteElo "2117"]
[BlackElo "2332"]
[PlyCount "80"]
[EventDate "2023.08.15"]
[EventType "swiss (blitz)"]
[EventRounds "11"]
[EventCountry "USA"]
[SourceTitle "EXT 2024"]
[Source "ChessBase"]
[SourceDate "2023.10.10"]
[SourceVersion "1"]
[SourceVersionDate "2023.10.10"]
[SourceQuality "1"]

1. e4 e6 2. d4 d5 3. Nc3 Nf6 4. e5 Nfd7 5. f4 c5 6. Nf3 Nc6 7. Be3 Be7 8. a3 f5 9. exf6 gxf6 10. Ne2 0-0 11. c3 Nb6 12. h4 Nc4 13. Bc1 cxd4 14. Nexd4 e5 15. Nxc6 bxc6 16. Bxc4 dxc4 17. Qxd8 Rxd8 18. fxe5 Bc5 19. exf6 Re8+ 20. Kf1 Bf5 21. Nd4 Bd3+ 22. Kf2 Re2+ 23. Kf3 Bxd4 24. cxd4 Rf8 25. Bg5 h6 26. Bxh6 Rxf6+ 27. Bf4 Rxb2 28. Rhe1 Bg6 29. Rac1 Bf7 30. g4 Bd5+ 31. Kg3 Rg2+ 32. Kh3 Rxf4 33. Re5 Rgxg4 34. Rce1 Rxh4+ 35. Kg3 Rfg4+ 36. Kf2 Rh3 37. Re8+ Kf7 38. R1e7+ Kf6 39. Rxa7 Rg2+ 40. Kf1 Rh1# 0-1

[Event "Titled Tuesday intern op 15th Aug Early"]
[Site "Chess.com INT"]
[Date "2023.08.15"]
[Round "4"]
[White "Koutlas, Nikolaos"]
[Black "Delgado Kuffo, Andres"]
[Result "1-0"]
[WhiteElo "2332"]
[BlackElo "2320"]
[PlyCount "87"]
[EventDate "2023.08.15"]
[EventType "swiss (blitz)"]
[EventRounds "11"]
[EventCountry "USA"]
[SourceTitle "EXT 2024"]
[Source "ChessBase"]
[SourceDate "2023.10.10"]
[SourceVersion "1"]
[SourceVersionDate "2023.10.10"]
[SourceQuality "1"]

1. Nf3 Nf6 2. g3 d5 3. c4 c6 4. Bg2 Bf5 5. 0-0 e6 6. b3 h6 7. Bb2 Nbd7 8. d3 Be7 9. Nbd2 0-0 10. Rc1 a5 11. a4 Bh7 12. h3 Rc8 13. Ne5 Nxe5 14. Bxe5 Nd7 15. Bc3 Bb4 16. Nf3 Qb6 17. Qd2 Nc5 18. Rb1 Rfd8 19. cxd5 cxd5 20. Bxb4 Qxb4 21. Qxb4 axb4 22. Rfc1 Na6 23. Nd4 Rc3 24. Nb5 Rdc8 25. Nxc3 bxc3 26. b4 b6 27. Kf1 Rc7 28. f4 d4 29. Ke1 f6 30. Kd1 Kf7 31. Kc2 Ke7 32. Re1 Kd6 33. e3 e5 34. exd4 exd4 35. Be4 Bg8 36. Bf3 Ba2 37. Re4 Bxb1+ 38. Kxb1 Nxb4 39. Rxd4+ Kc5 40. Rc4+ Kd6 41. Rxb4 Kc5 42. Rc4+ Kd6 43. Rxc7 Kxc7 44. Kc2 1-0

[Event "Titled Tuesday intern op 15th Aug Early"]
[Site "Chess.com INT"]
[Date "2023.08.15"]
[Round "1"]
[White "Koutlas, Nikolaos"]
[Black "Tabatabaei, Mohammad Amin"]
[Result "0-1"]
[WhiteElo "2332"]
[BlackElo "2696"]
[PlyCount "74"]
[EventDate "2023.08.15"]
[EventType "swiss (blitz)"]
[EventRounds "11"]
[EventCountry "USA"]
[SourceTitle "EXT 2024"]
[Source "ChessBase"]
[SourceDate "2023.10.10"]
[SourceVersion "1"]
[SourceVersionDate "2023.10.10"]
[SourceQuality "1"]

1. Nf3 d5 2. g3 c6 3. Bg2 Bg4 4. 0-0 Nd7 5. d4 Ngf6 6. Nbd2 e6 7. c4 h6 8. Qc2 Bf5 9. Qb3 Qb6 10. c5 Qxb3 11. axb3 Be7 12. b4 0-0 13. Nb3 g5 14. h4 Ne4 15. hxg5 hxg5 16. Nfd2 Kg7 17. Na5 Nxd2 18. Bxd2 Rab8 19. Rfc1 a6 20. f3 Bg6 21. Kf2 e5 22. e3 f5 23. Bc3 Bf6 24. Nb3 Rbe8 25. Re1 Re7 26. Re2 Rfe8 27. Rae1 Bh5 28. Bh3 g4 29. fxg4 fxg4 30. Bg2 e4 31. Kg1 Nf8 32. Rf1 Ne6 33. Rf5 Bg6 34. Rf4 Nxf4 35. gxf4 g3 36. Be1 Bh5 37. Rc2 Bh4 0-1

[Event "Titled Tuesday intern op 08th Aug Early"]
[Site "Chess.com INT"]
[Date "2023.08.08"]
[Round "4"]
[White "Koutlas, Nikolaos"]
[Black "Kuznecova, Marija"]
[Result "0-1"]
[WhiteElo "2332"]
[BlackElo "2023"]
[PlyCount "50"]
[EventDate "2023.08.08"]
[EventType "swiss (blitz)"]
[EventRounds "11"]
[EventCountry "USA"]
[SourceTitle "EXT 2024"]
[Source "ChessBase"]
[SourceDate "2023.10.10"]
[SourceVersion "1"]
[SourceVersionDate "2023.10.10"]
[SourceQuality "1"]

1. c4 c5 2. Nc3 Nc6 3. g3 e5 4. Bg2 d6 5. Nf3 g6 6. 0-0 Bg7 7. e3 Nge7 8. a3 0-0 9. b4 cxb4 10. axb4 Nxb4 11. d4 exd4 12. exd4 Bf5 13. Ra4 Bc2 14. Rxb4 Bxd1 15. Rxd1 Qa5 16. Rb3 Rac8 17. Bg5 f6 18. Bf4 Rfd8 19. Nd2 g5 20. Be3 h6 21. Nd5 Nxd5 22. Bxd5+ Kh8 23. Rxb7 Rb8 24. Re7 Re8 25. Rd7 Qa4 0-1

[Event "Titled Tuesday intern op 01st Aug Late"]
[Site "Chess.com INT"]
[Date "2023.08.01"]
[Round "1"]
[White "Koutlas, Nikolaos"]
[Black "Curtis, John"]
[Result "0-1"]
[WhiteElo "2332"]
[BlackElo "2292"]
[PlyCount "64"]
[EventDate "2023.08.01"]
[EventType "swiss (blitz)"]
[EventRounds "11"]
[EventCountry "USA"]
[SourceTitle "EXT 2024"]
[Source "ChessBase"]
[SourceDate "2023.10.10"]
[SourceVersion "1"]
[SourceVersionDate "2023.10.10"]
[SourceQuality "1"]

1. e4 c6 2. Nc3 d5 3. Nf3 e6 4. d4 Nd7 5. Bd3 Bb4 6. 0-0 h6 7. exd5 cxd5 8. Ne2 Bd6 9. c4 dxc4 10. Bxc4 Ngf6 11. Nc3 a6 12. a4 Nb6 13. Bb3 0-0 14. a5 Nbd5 15. Nxd5 Nxd5 16. Bxd5 exd5 17. h3 Re8 18. Re1 Rxe1+ 19. Qxe1 Bf5 20. Bd2 Be4 21. Ne5 Qe7 22. Bc3 f6 23. Ng4 Re8 24. Ne3 Bf4 25. g3 Bd6 26. Rc1 Qf7 27. Qe2 f5 28. Kh2 f4 29. Ng4 fxg3+ 30. fxg3 Bf3 31. Qf2 Re2 32. Qxe2 Bxe2 0-1

[Event "Titled Tuesday intern op 01st Aug Late"]
[Site "Chess.com INT"]
[Date "2023.08.01"]
[Round "8"]
[White "Koutlas, Nikolaos"]
[Black "Przybylski, Wojciech"]
[Result "0-1"]
[WhiteElo "2332"]
[BlackElo "2308"]
[PlyCount "78"]
[EventDate "2023.08.01"]
[EventType "swiss (blitz)"]
[EventRounds "11"]
[EventCountry "USA"]
[SourceTitle "EXT 2024"]
[Source "ChessBase"]
[SourceDate "2023.10.10"]
[SourceVersion "1"]
[SourceVersionDate "2023.10.10"]
[SourceQuality "1"]

1. a4 e5 2. a5 d5 3. e3 Nf6 4. d4 e4 5. a6 Nxa6 6. Bxa6 bxa6 7. c4 c6 8. Nc3 Be7 9. Nge2 0-0 10. cxd5 cxd5 11. 0-0 Bd6 12. Nf4 Bb7 13. b3 Rc8 14. Nce2 Qc7 15. Ba3 Bxa3 16. Rxa3 h6 17. Ra2 g5 18. Nh3 Ng4 19. Nef4 f5 20. f3 Nxe3 21. Qe1 gxf4 22. Rff2 Qc1 23. Ra1 Qxe1+ 24. Rxe1 Nc2 25. Rd1 e3 26. Re2 a5 27. Nxf4 Ba6 28. Rxc2 Rxc2 29. Nxd5 f4 30. Re1 Rf7 31. g3 e2 32. Nxf4 Rxf4 33. gxf4 Rd2 34. Kf2 Rxd4 35. Rg1+ Kf7 36. Rc1 Rd1 37. Rc7+ Kf8 38. Rc8+ Ke7 39. Rc7+ Kd8 0-1

[Event "Titled Tuesday intern op 25th Jul Early"]
[Site "Chess.com INT"]
[Date "2023.07.25"]
[Round "2"]
[White "Koutlas, Nikolaos"]
[Black "Samaganova, Alexandra"]
[Result "1-0"]
[WhiteElo "2341"]
[BlackElo "1827"]
[PlyCount "55"]
[EventDate "2023.07.25"]
[EventType "swiss (blitz)"]
[EventRounds "11"]
[EventCountry "USA"]
[SourceTitle "EXT 2024"]
[Source "ChessBase"]
[SourceDate "2023.10.10"]
[SourceVersion "1"]
[SourceVersionDate "2023.10.10"]
[SourceQuality "1"]

1. Nf3 d5 2. b3 Nf6 3. Bb2 Bf5 4. g3 e6 5. Bg2 Bd6 6. 0-0 0-0 7. c4 c5 8. d4 cxd4 9. Nxd4 Bxb1 10. Rxb1 Nbd7 11. cxd5 Nxd5 12. Nxe6 fxe6 13. Bxd5 Nc5 14. Bc4 Qe7 15. Qd4 Rad8 16. Qg4 Rde8 17. Rbd1 Bc7 18. b4 Na4 19. Ba1 Nb6 20. Bxe6+ Kh8 21. Bb3 Be5 22. Bxe5 Qxe5 23. e3 h6 24. Bc2 Rf6 25. Rd4 Qc7 26. Bb1 Rd8 27. Qe4 Rxd4 28. Qh7# 1-0

[Event "Titled Tuesday intern op 06th Jun Early"]
[Site "Chess.com INT"]
[Date "2023.06.06"]
[Round "4"]
[White "Sowinski, Pawel"]
[Black "Koutlas, Nikolaos"]
[Result "0-1"]
[WhiteElo "2291"]
[BlackElo "2341"]
[PlyCount "62"]
[EventDate "2023.06.06"]
[EventType "swiss (blitz)"]
[EventRounds "11"]
[EventCountry "USA"]
[SourceTitle "EXT 2024"]
[Source "ChessBase"]
[SourceDate "2023.10.10"]
[SourceVersion "1"]
[SourceVersionDate "2023.10.10"]
[SourceQuality "1"]

1. c4 Nf6 2. d4 e6 3. Nc3 Bb4 4. e3 0-0 5. Bd2 c5 6. Nge2 cxd4 7. exd4 d5 8. c5 Nc6 9. g3 e5 10. a3 Ba5 11. b4 exd4 12. Nb5 d3 13. Ned4 Re8+ 14. Be3 Nxb4 15. Bxd3 Nxd3+ 16. Kf1 Bh3+ 17. Kg1 Nxc5 18. Rc1 Nce4 19. f3 Nd6 20. Kf2 Nxb5 21. Nxb5 Rxe3 22. Kxe3 Qe8+ 23. Kf2 Qxb5 24. g4 h5 25. g5 h4 26. gxf6 Bb6+ 27. Ke1 Re8+ 28. Kd2 Qb2+ 29. Rc2 Be3+ 30. Kd3 Qd4+ 31. Ke2 Bf4# 0-1

[Event "Titled Tuesday intern op 30th May Early"]
[Site "Chess.com INT"]
[Date "2023.05.30"]
[Round "4"]
[White "Harikrishnan, A Ra"]
[Black "Koutlas, Nikolaos"]
[Result "1/2-1/2"]
[WhiteElo "2400"]
[BlackElo "2341"]
[PlyCount "37"]
[EventDate "2023.05.30"]
[EventType "swiss (blitz)"]
[EventRounds "11"]
[EventCountry "USA"]
[SourceTitle "CBM 214 Extra"]
[Source "ChessBase"]
[SourceDate "2023.07.31"]
[SourceVersion "1"]
[SourceVersionDate "2023.07.31"]
[SourceQuality "1"]

1. d4 d5 2. Nf3 c6 3. c3 Bg4 4. Ne5 Bh5 5. Qc2 Nd7 6. Qf5 Bg6 7. Nxg6 hxg6 8. Qc2 Ngf6 9. g3 e5 10. dxe5 Nxe5 11. Bg2 Bc5 12. h3 Qd6 13. Nd2 0-0-0 14. a4 Bxf2+ 15. Kxf2 Neg4+ 16. Kf3 Ne5+ 17. Kf2 Neg4+ 18. Kf3 Ne5+ 19. Kf2 1/2-1/2

[Event "Titled Tuesday intern op 30th May Early"]
[Site "Chess.com INT"]
[Date "2023.05.30"]
[Round "5"]
[White "Koutlas, Nikolaos"]
[Black "Jeet, Jain"]
[Result "0-1"]
[WhiteElo "2341"]
[BlackElo "2199"]
[PlyCount "50"]
[EventDate "2023.05.30"]
[EventType "swiss (blitz)"]
[EventRounds "11"]
[EventCountry "USA"]
[SourceTitle "CBM 214 Extra"]
[Source "ChessBase"]
[SourceDate "2023.07.31"]
[SourceVersion "1"]
[SourceVersionDate "2023.07.31"]
[SourceQuality "1"]

1. Nf3 c5 2. g3 Nc6 3. Bg2 d6 4. 0-0 Bd7 5. c4 Qc8 6. d4 Bh3 7. dxc5 dxc5 8. Nc3 Nf6 9. Bf4 Bxg2 10. Kxg2 Nh5 11. Be3 e6 12. Ne4 b6 13. Qa4 Qc7 14. Rad1 Rc8 15. Rd3 h6 16. Rfd1 f5 17. Nd6+ Bxd6 18. Rxd6 0-0 19. Rxe6 f4 20. Bd2 Qd7 21. Re4 Rcd8 22. Bc1 Qxd1 23. Qxc6 Qxc1 24. Qg6 Qb1 25. Qxh5 Qxe4 0-1

[Event "Titled Tuesday intern op 30th May Early"]
[Site "Chess.com INT"]
[Date "2023.05.30"]
[Round "7"]
[White "Koutlas, Nikolaos"]
[Black "Kleiman, Jake"]
[Result "0-1"]
[WhiteElo "2341"]
[BlackElo "2399"]
[PlyCount "112"]
[EventDate "2023.05.30"]
[EventType "swiss (blitz)"]
[EventRounds "11"]
[EventCountry "USA"]
[SourceTitle "CBM 214 Extra"]
[Source "ChessBase"]
[SourceDate "2023.07.31"]
[SourceVersion "1"]
[SourceVersionDate "2023.07.31"]
[SourceQuality "1"]

1. Nf3 d5 2. c4 e6 3. g3 Nf6 4. Bg2 g6 5. 0-0 Bg7 6. Nc3 0-0 7. cxd5 exd5 8. d4 Re8 9. Ne5 c6 10. Bf4 Nfd7 11. Nf3 Nb6 12. Re1 Bf5 13. Nh4 Be6 14. e4 g5 15. exd5 cxd5 16. Bxb8 Rxb8 17. Nf3 h6 18. Ne5 Rc8 19. Qb3 Re7 20. Re2 Nc4 21. Ng6 Re8 22. Rae1 Kh7 23. Bxd5 Kxg6 24. Bxc4 Bxc4 25. Qc2+ f5 26. Rxe8 Qxe8 27. Rxe8 Rxe8 28. Qd2 Rd8 29. d5 Bxc3 30. Qxc3 Bxd5 31. Qd4 Rd7 32. Qxa7 Bc6 33. Kf1 Bf3 34. Qb6+ Kh7 35. Qb3 Rd1+ 36. Qxd1 Bxd1 37. Ke1 Bf3 38. Kd2 Kg6 39. Ke3 Bd5 40. a4 Kf6 41. Kd4 Bb3 42. a5 Ke6 43. Kc5 Kd7 44. Kb6 Bd5 45. b4 Ke6 46. b5 Ke5 47. Kc5 Bf3 48. a6 bxa6 49. bxa6 Ke4 50. a7 Kd3 51. Kd6 Ke2 52. Ke5 Kxf2 53. Kxf5 Kg2 54. Kg6 Kxh2 55. Kxh6 g4 56. Kh5 Kxg3 0-1

[Event "Titled Tuesday intern op 23rd May Late"]
[Site "Chess.com INT"]
[Date "2023.05.23"]
[Round "3"]
[White "Koutlas, Nikolaos"]
[Black "Boyer, Mahel"]
[Result "0-1"]
[WhiteElo "2341"]
[BlackElo "2489"]
[PlyCount "50"]
[EventDate "2023.05.23"]
[EventType "swiss (blitz)"]
[EventRounds "11"]
[EventCountry "USA"]
[SourceTitle "EXT 2024"]
[Source "ChessBase"]
[SourceDate "2023.10.10"]
[SourceVersion "1"]
[SourceVersionDate "2023.10.10"]
[SourceQuality "1"]

1. c4 e5 2. g3 c6 3. Nf3 e4 4. Nd4 Qb6 5. e3 d5 6. Nc3 Nf6 7. d3 exd3 8. Bxd3 dxc4 9. Bxc4 h5 10. h3 Nbd7 11. f4 Bb4 12. 0-0 Nc5 13. Kh2 Bxc3 14. bxc3 Nce4 15. Ba3 Ng4+ 16. hxg4 hxg4+ 17. Kg2 Rh3 18. Ne2 Qxe3 19. Qd3 Qxd3 20. Bxd3 Bf5 21. Nd4 Rxg3+ 22. Kh2 Rh3+ 23. Kg1 Rg3+ 24. Kh1 0-0-0 25. Bxe4 Rh8# 0-1